00774nam a2200253 a 4500001001300000003000900013005001700022008004100039020002300080082001600103100001800119245008700137260003200224300000900256500003500265505001000300650002600310650001700336700001800353902000800371942000700379952011700386999001700503nice12345678IN_TiNIC20260116014159.0090707s2008 dela grp 000 0 eng  a9788172734558c70000a923.2bGAN6 aGangrade, K D aGandhian Perspective on Global Interdependence, Peace and Professional Social Work aDelhi bAuthor Press c2008 a263p aincludes index and biblioraphy2 aindex aGandhi M K-Philosophy aNon-Violence1 aGangrade, K D bSRS cBK 001040708StackRoom-aHMIbHMId2009-07-07g700.00l0o923.2 GAN6p022772r2009-07-07v700.00w2009-07-07yBK c14212d14212